书目信息 |
| 题名: |
足球实战指导图解
|
|
| 作者: | 藤田一郎 ;齐铁慧 译 | |
| 分册: | ||
| 出版信息: | 北京 人民体育出版社 1998 |
|
| 页数: | 127页 | |
| 开本: | 26cm | |
| 丛书名: | ||
| 单 册: | ||
| 中图分类: | G843.19 | |
| 科图分类: | ||
| 主题词: | 足球运动--运动训练--图解 | |
| 电子资源: | ||
| ISBN: | 7-5009-1600-0 | |
| 000 | 00625nam0 2200205 45 | |
| 001 | 0401291639 | |
| 005 | 20040129163402.0 | |
| 010 | @a7-5009-1600-0@dCNY19.80 | |
| 100 | @a20040129d1998 km y0chiy0120 ea | |
| 101 | 0 | @achi@cjpn |
| 105 | @aa z 000yy | |
| 200 | 1 | @a足球实战指导图解@AZu Qiu Shi Zhan Zhi Dao Tu Jie@f(日)藤田一郎@F(Ri)Teng Tian Yi Lang@g齐铁慧译 |
| 210 | @a北京@c人民体育出版社@d1998 | |
| 215 | @a127页@d26cm | |
| 606 | 0 | @a足球运动@x运动训练@x图解 |
| 690 | @aG843.19@v4 | |
| 701 | @a藤田一郎 | |
| 702 | 0 | @a齐铁慧@AQi Tie Hui@4译 |
| 801 | @aCN@bTSTCL@c20040129 | |
| 905 | @b333029-033@dG843.19@e154@f5 | |
| 足球实战指导图解/(日)藤田一郎/齐铁慧译.-北京:人民体育出版社,1998 |
| 127页;26cm |
| ISBN 7-5009-1600-0:CNY19.80 |
| ● |
| 相关链接 |
|
|
|
|
正题名:足球实战指导图解
索取号:G843.19/154
 
预约/预借
| 序号 | 登录号 | 条形码 | 馆藏地/架位号 | 状态 | 备注 |
| 1 | 0333029 | 203330298 | 第四借阅区/ [索取号:G843.19/154] | 在馆 | |
| 2 | 0333030 | 203330305 | 第四借阅区/ [索取号:G843.19/154] | 在馆 | |
| 3 | 0333031 | 203330314 | 第四借阅区/ [索取号:G843.19/154] | 在馆 | |
| 4 | 0333032 | 203330323 | 第四借阅区/ [索取号:G843.19/154] | 在馆 | |
| 5 | 0333033 | 203330332 | 第一样本阅览室/ [索取号:G843.19/154] | 在馆 |